El viaje del Lucky dragon
Uloženo v:
| Hlavní autor: | |
|---|---|
| Médium: | Kniha |
| Jazyk: | španělština |
| Vydáno: |
Madrid
SM
1985
|
| Edice: | El Barco de Vapor. Serie Roja, 23
|
| Témata: | |
| Tagy: |
Přidat tag
Žádné tagy, Buďte první, kdo vytvoří štítek k tomuto záznamu!
|
MARC
| LEADER | 00000nam a2200000 a 4500 | ||
|---|---|---|---|
| 001 | UCH8134 | ||
| 003 | CL-VaPUC | ||
| 008 | 091127e19850000SP |||||||||||||||||spa|d | ||
| 020 | |a 8434816555 | ||
| 082 | 0 | 4 | |a 896 |b BEN |2 21 |
| 100 | 0 | |a Bennett, Jack |e author |9 544580 | |
| 245 | 1 | 3 | |a El viaje del Lucky dragon |
| 300 | |a 160 p | ||
| 942 | |c BK | ||
| 945 | |d 20091127 00:00:00 |a lazolas | ||
| 260 | |a Madrid |b SM |c 1985 | ||
| 500 | |a Lectura a partir de los 12 años | ||
| 650 | 0 | |a Literatura |9 259151 | |
| 650 | 7 | |a LITERATURA SUDAFRICANA |2 CL-VaPUC |9 427035 | |
| 650 | 7 | |a NOVELAS SUDAFRICANAS |2 CL-VaPUC |9 544581 | |
| 650 | 0 | |a Literatura infantil |9 307465 | |
| 650 | 0 | |a Cuentos infantiles |9 308044 | |
| 583 | |a last modification |c 20091127 00:00:00 |k Rodrigo Vera | ||
| 490 | 0 | |a El Barco de Vapor. Serie Roja, 23 | |
| 999 | |c 338376 |d 338374 | ||